Educación, violencia y medios de comunicación
Сохранить в:
| Главный автор: | |
|---|---|
| Формат: | |
| Язык: | испанский |
| Опубликовано: |
Caracas
Trípode
1975
|
| Серии: | Colección trípode, 16
|
| Предметы: | |
| Метки: |
Добавить метку
Нет меток, Требуется 1-ая метка записи!
|
MARC
| LEADER | 00000nam a2200000 a 4500 | ||
|---|---|---|---|
| 001 | UCY8979 | ||
| 003 | CL-VaPUC | ||
| 008 | 950707e19750000VE |||||||||||||||||spa|d | ||
| 082 | 0 | 4 | |a 370.19 |b CAR |2 21 |
| 100 | 0 | |a Carreto, Adolfo |e author |9 340914 | |
| 245 | 1 | 0 | |a Educación, violencia y medios de comunicación |
| 300 | |a 179 p | ||
| 942 | |c BK | ||
| 945 | |d 19950707 00:00:00 |a cmena | ||
| 260 | |a Caracas |b Trípode |c 1975 | ||
| 650 | 0 | |a Educación |9 258661 | |
| 650 | 0 | |a Sociedad contemporánea |9 337179 | |
| 650 | 7 | |a DESARROLLO DE LA EDUCACION |2 CL-VaPUC |9 340915 | |
| 650 | 0 | |a Medios de comunicación |9 257206 | |
| 650 | 0 | |a Violencia |9 255411 | |
| 650 | 0 | |a Problemas sociales |9 258537 | |
| 650 | 0 | |a Influencia social |9 309315 | |
| 651 | 0 | |a Venezuela |9 254993 | |
| 583 | |a last modification |c 19950707 00:00:00 |k Rodrigo Vera | ||
| 490 | 0 | |a Colección trípode, 16 | |
| 999 | |c 236155 |d 236153 | ||
| 952 | |0 0 |1 0 |4 0 |6 370_190000000000000_CAR_1975 |7 0 |8 P |9 244035 |a BIBEDU |b BIBEDU |c BIBEDU_PB |d 2019-11-18 |i 1529552 |l 1 |o 370.19 CAR 1975 |p 1529552 |r 2024-01-25 |s 2021-05-04 |w 2019-11-18 |y BK |k EDU | ||